Prothaseesinte ithihasam(പ്രോത്താസീസിൻെറ ഇതിഹാസം) (Record no. 115273)

MARC details
000 -LEADER
fixed length control field 00492 a2200169 4500
005 - DATE AND TIME OF LATEST TRANSACTION
control field 20260416142529.0
008 - FIXED-LENGTH DATA ELEMENTS--GENERAL INFORMATION
fixed length control field 260416b |||||||| |||| 00| 0 eng d
020 ## - INTERNATIONAL STANDARD BOOK NUMBER
International Standard Book Number 9789364875714
080 ## - UNIVERSAL DECIMAL CLASSIFICATION NUMBER
Universal Decimal Classification number FM
Item number VIN/P
100 ## - MAIN ENTRY--PERSONAL NAME
Personal name Vinoy Thomas
245 ## - TITLE STATEMENT
Title Prothaseesinte ithihasam(പ്രോത്താസീസിൻെറ ഇതിഹാസം)
250 ## - EDITION STATEMENT
Edition statement 3rd ed.
260 ## - PUBLICATION, DISTRIBUTION, ETC. (IMPRINT)
Name of publisher, distributor, etc D C books
Place of publication, distribution, etc Kottayam
Date of publication, distribution, etc 2025
300 ## - PHYSICAL DESCRIPTION
Extent 144P.
653 ## - INDEX TERM--UNCONTROLLED
Uncontrolled term Fiction-Novel-Malayalam Literature
942 ## - ADDED ENTRY ELEMENTS (KOHA)
item type Books
Holdings
Lost status Source of classification or shelving scheme Not for loan Home library Current library Date acquired Cost, normal purchase price Total Checkouts Full call number Barcode Date last seen Cost, replacement price Price effective from Koha item type Public note
  Universal Decimal Classification Not For Loan University Library University Library 27/02/2026 132.67   FM VIN/P 00097352 27/02/2026 199.00 27/02/2026 Books Processing
University Library, CUSAT